| 000 | 00570 a2200193 4500 | ||
|---|---|---|---|
| 001 | 63547 | ||
| 005 | 20260407155934.0 | ||
| 008 | 260407a1973 arg spa d | ||
| 003 | AR-UNSa-BCEJYS | ||
| 040 |
_aAR-UNSa-BCEJYS _bspa _cAR-UNSa-BCEJYS |
||
| 080 |
_a004:658 _xInformática en las organizaciones |
||
| 245 | 1 | 0 |
_aLas computadoras y la administración _pEl punto de vista del ejecutivo |
| 264 | 1 |
_aMéxico : _bDiana _c1973 |
|
| 300 |
_a236 p. _c23 cm. |
||
| 041 | _aspa | ||
| 942 | _cBK | ||
| 590 | _aniveau_biblio:m niveau_hierar:0 | ||
| 100 | 1 | _aBrink, Víctor Z. | |
| 999 |
_c8232 _d8232 |
||